MARC details
| 000 -CABECERA |
| campo de control de longitud fija |
01189cam a2200301 a 4500 |
| 001 - NÚMERO DE CONTROL |
| campo de control |
000011040 |
| 005 - FECHA Y HORA DE LA ÚLTIMA TRANSACCIÓN |
| campo de control |
20200929162339.0 |
| 008 - DATOS DE LONGITUD FIJA--INFORMACIÓN GENERAL |
| campo de control de longitud fija |
970530s1996 cu a b 000 0 spa |
| 020 ## - NÚMERO INTERNACIONAL ESTÁNDAR DEL LIBRO |
| Número Internacional Estándar del Libro |
9590400426 |
| 040 ## - FUENTE DE LA CATALOGACIÓN |
| Centro catalogador/agencia de origen |
DO-SdBNP |
| Lengua de catalogación |
spa |
| Centro/agencia transcriptor |
DLC |
| Centro/agencia modificador |
BNPHU |
| 082 ## - NÚMERO DE LA CLASIFICACIÓN DECIMAL DEWEY |
| Número de clasificación |
574.5 |
| Número de documento/Ítem |
R816e |
| 049 ## - FONDOS LOCALES (OCLC) |
| Fondos de biblioteca |
BNGR |
| 100 1# - ENTRADA PRINCIPAL--NOMBRE DE PERSONA |
| Nombre de persona |
Rosenzvaig, Eduardo, |
| Numeración |
1951- |
| 9 (RLIN) |
26490 |
| 245 10 - MENCIÓN DE TÍTULO |
| Título |
Etnias y árboles : |
| Resto del título |
historia del universo ecológico Gran Chaco / |
| Mención de responsabilidad, etc. |
Eduardo Rosenzvaig ; edición, Clara Hernández. |
| 260 ## - PUBLICACIÓN, DISTRIBUCIÓN, ETC. |
| Lugar de publicación, distribución, etc. |
La Habana, (Cuba) : |
| Nombre del editor, distribuidor, etc. |
Colcultura ; |
| -- |
Casa de las Américas, |
| Fecha de publicación, distribución, etc. |
1996. |
| 300 ## - DESCRIPCIÓN FÍSICA |
| Extensión |
618 p. : |
| Otras características físicas |
il. ; |
| Dimensiones |
19 cm. |
| 490 1# - MENCIÓN DE SERIE |
| Mención de serie |
Ensayo histórico-social |
| 504 ## - NOTA DE BIBLIOGRAFÍA, ETC. |
| Nota de bibliografía, etc. |
Bibliografía: (p. [596]-614). |
| 586 ## - NOTA DE PREMIOS |
| Nota de premios |
"Premio Casa de las Américas, 1996." |
| 650 #4 - PUNTO DE ACCESO ADICIONAL DE MATERIA--TÉRMINO DE MATERIA |
| Término de materia o nombre geográfico como elemento de entrada |
Ecología humana |
| Subdivisión geográfica |
Gran Chaco (Región{Rpara} |
| Subdivisión general |
Historia |
| 9 (RLIN) |
26491 |
| 650 #4 - PUNTO DE ACCESO ADICIONAL DE MATERIA--TÉRMINO DE MATERIA |
| Término de materia o nombre geográfico como elemento de entrada |
Ecología y ética |
| 9 (RLIN) |
26492 |
| 651 #4 - PUNTO DE ACCESO ADICIONAL DE MATERIA--NOMBRE GEOGRÁFICO |
| Nombre geográfico |
Gran Chaco (Región{Rpara} |
| Subdivisión general |
Condiciones Económicas |
| 9 (RLIN) |
26493 |
| 650 #4 - PUNTO DE ACCESO ADICIONAL DE MATERIA--TÉRMINO DE MATERIA |
| Término de materia o nombre geográfico como elemento de entrada |
Indios de sur américa |
| Subdivisión geográfica |
Gran Chaco (Región{Rpara} |
| Subdivisión general |
Historia |
| 9 (RLIN) |
26494 |
| 700 1# - PUNTO DE ACCESO ADICIONAL--NOMBRE DE PERSONA |
| Nombre de persona |
Hernández, Clara, |
| Término indicativo de función/relación |
ed. |
| 9 (RLIN) |
4129 |
| 710 2# - PUNTO DE ACCESO ADICIONAL--NOMBRE DE ENTIDAD CORPORATIVA |
| Nombre de entidad corporativa o nombre de jurisdicción como elemento de entrada |
Casa de las Américas |
| 9 (RLIN) |
26495 |
| 830 #0 - PUNTO DE ACCESO ADICIONAL DE SERIE-TÍTULO UNIFORME |
| Título uniforme |
Ensayo histórico-social. |
| 9 (RLIN) |
26496 |
| 910 ## - DATOS DE OPCIÓN DEL USUARIO (OCLC) |
| Datos de opción del usuario |
Catalogación por copia / LC |